000 00403nam a2200157Ia 4500
005 20250221135435.0
008 231217s9999 xx 000 0 und d
020 _a9788131406717
082 _a341.486 PAD;1 R
100 _aPadmaja, K.
245 0 _aLaw of refugees : global perspectives
260 _c2007
_bIcfai
_aHyderabad
300 _avi, 226
650 _aLaw,refugees,global
942 _cAA
999 _c188195
_d188195